| 000 | 00806nam a2200193Ia 4500 | ||
|---|---|---|---|
| 003 | GCL | ||
| 008 | 140319s9999 xx 000 0 ara d | ||
| 020 | _a5421400977 | ||
| 040 |
_aGCL / _cGCL |
||
| 082 | 0 | 4 |
_aق _b962.04 _bع م |
| 100 | 1 | _aعبدالمنعم ابراهيم الدسوقى الجميعى | |
| 245 | 1 | 0 |
_aمصر فى التاريخ الحديث والمعاصر 1798- 1973 مع مجموعة بحوث ودراسات / _cعبدالمنعم ابراهيم الدسوقى الجميعى |
| 250 | _aالاولى | ||
| 260 |
_aالقاهرة : _bالمؤلف ، _c1992 |
||
| 300 |
_a480 ص ؛ _c24 سم |
||
| 650 | 0 | 4 | _aمصر - تاريخ - العصر الحديث (1805 - 1956 ) |
| 650 | 0 | 4 | _aمصر - تاريخ - العصر الحديث - الثورة العرابية |
| 942 |
_2ddc _cBK |
||
| 999 |
_c44316 _d44316 |
||